Desarrollo de un programa didáctico para realizar cálculos del curso cinética y reactores químicos de la Escuela de Ingeniería Química
Shranjeno v:
| Glavni avtor: | |
|---|---|
| Drugi avtorji: | |
| Format: | Knjiga |
| Izdano: |
San José, Costa Rica
2005
|
| Teme: | |
| Oznake: |
Označite
Brez oznak, prvi označite!
|
MARC
| LEADER | 00000nam a2200000Ia 4500 | ||
|---|---|---|---|
| 003 | 009619 | ||
| 005 | 20240320140110.0 | ||
| 008 | 140114s2005 cr a m 000 ||s d | ||
| 040 | |c cru CEDI | ||
| 090 | |a TFG 5161 | ||
| 100 | |a Alpízar Soto, Esteban, 1978- |9 2737 | ||
| 245 | |a Desarrollo de un programa didáctico para realizar cálculos del curso cinética y reactores químicos de la Escuela de Ingeniería Química | ||
| 260 | |a San José, Costa Rica |c 2005 | ||
| 300 | |a xi, 95 hojas : ilustraciones a color | ||
| 500 | |a Proyecto de graduación (licenciatura en ingeniería química)-- Universidad de Costa Rica. Facultad de Ingeniería. Escuela de Ingeniería Química | ||
| 501 | |a Director de Proyecto de Graduación: Ing. Esteban Durán Herrera, PhD. | ||
| 650 | |x CINETICA QUIMICA |x REACTORES QUIMICOS |x SIMULACION POR COMPUTADORA |x SIMREACTOR |x PROGRAMAS PARA COMPUTADORA |9 5817 | ||
| 700 | |a Durán Herrera, Esteban, 1971- |d Director del TFG |9 151 | ||
| 942 | |c TFG |h TFG 5161 |i 009619 |6 TFG_5161_009619000000000 | ||
| 999 | |c 17262 |d 17262 | ||
